| 000 | 00792cam a2200241 a 4500 | ||
|---|---|---|---|
| 001 | 000018972 | ||
| 005 | 20200929165906.0 | ||
| 008 | 880808s1989 cu 000 p spa d | ||
| 035 | _aOCLC 11550497 from hwo127 | ||
| 040 |
_aDO-SdBNP _cDLC _dm/c _dBNGR |
||
| 082 |
_aES861.44 _bD152p |
||
| 100 | 1 |
_aDalton, Roque, _d1935-1975 _99961 |
|
| 245 | 1 | 0 |
_aPoesía escogida / _cRoque Dalton ; prólogo Víctor Casaus ; edición Dania Pérez Rubio. |
| 260 |
_aLa Habana, Cuba : _bArte y Literatura, _c1989. |
||
| 300 |
_a422 p. ; _c18 cm. |
||
| 650 | 4 |
_aPoesía salvadoreña _912306 |
|
| 650 | 4 |
_aLiteratura salvadoreña _92929 |
|
| 700 | 1 |
_aCasaus, Víctor, _epról. _940817 |
|
| 700 | 1 |
_aPérez Rubio, Dania, _eed. _95482 |
|
| 910 | _aCatalogación derivada / LC | ||
| 910 | _aWM | ||
| 049 | _aBNGR | ||
| 999 |
_c18490 _d18490 |
||